[Event "Stuttgart-chA int"]
[Site "Ditzingen"]
[Date "2016.05.08"]
[Round "7"]
[White "Marzev, Ivan"]
[Black "Wenner, Tobias"]
[Result "1-0"]
[WhiteElo "1991"]
[BlackElo "2136"]
[PlyCount "67"]
[EventDate "2016.05.05"]
[EventType "swiss"]
[EventRounds "7"]
[EventCountry "GER"]
[SourceTitle "EXT 2018"]
[Source "ChessBase"]
[SourceDate "2017.10.13"]
[SourceVersion "1"]
[SourceVersionDate "2017.10.13"]
[SourceQuality "1"]

1. d4 f5 2. c4 Nf6 3. Nf3 g6 4. Bf4 d6 5. Nc3 Bg7 6. e3 e6 7. Qc2 Qe7 8. Be2 Nc6 9. a3 e5 10. dxe5 dxe5 11. Bg5 Qf7 12. Bxf6 Bxf6 13. Nd5 Be6 14. Nxf6+ Qxf6 15. Rd1 0-0 16. 0-0 a5 17. b3 Kg7 18. c5 Rfd8 19. Bc4 Bxc4 20. Qxc4 e4 21. Nd4 Ne5 22. Qb5 b6 23. cxb6 cxb6 24. Rc1 Rac8 25. Qa6 Rxc1 26. Rxc1 Rd7 27. Qc8 Qd6 28. h3 Qxa3 29. Qc3 Kh6 30. f4 exf3 31. gxf3 Qe7 32. f4 Nf7 33. Qe1 Rc7 34. Rxc7 1-0